00511nam a2200181Ia 4500003000900000008004100009040001300050040001300063041000800076100002800084245004900112250001200161260001500173260000900188300001000197490000600207600011600213IT-RoPAU120407s9999 xx 000 0 und d aIT-RoPAU cIT-RoPAU aita aFerdinando Lambruschini aVerso una nuova morale nella Chiesa? 2 voll. aBrescia aQueriniana c1967 c21 cm v1 a"1° v. Orientamenti di principio. 220 p. 2° v. La giustizia nella teologia morale e nella vita cristiana."